000 00816nam a2200217Ia 4500
001 16836
003 GE_BSU
008 181216s||||||||xx |||||||||||||| ||und||
040 _cGE_BSU
080 _a821.353.1-144
100 _aგომიაშვილი, ალექსანდრე
245 _aბალადები
245 _bუკანასკნელი დღე კეცხოველისა, სნაიპერის სიყვარული, რუსთაველი და ვაჟა-ფშაველა და სხვ.
245 _cრედ.ს. ჩიქოვანი
260 _aთბილისი
260 _bკომუნისტი
260 _c1946
300 _a115გვ. ; 16სმ.
653 _aბალადები
942 _cBK
999 _c49900
_d49900